LIBRARY & INFORMATION CENTRE, KCAET, TAVANUR

ONLINE PUBLIC ACCESS CATALOGUE (OPAC)

Engineering mechanics, statics and dynamics / (Record no. 2047)

MARC details
000 -LEADER
fixed length control field 00544cam a2200205ua 4500
020 ## - INTERNATIONAL STANDARD BOOK NUMBER
ISBN 0-87692-642-1
041 ## - LANGUAGE CODE
Language code of text/sound track or separate title eng
082 ## - DEWEY DECIMAL CLASSIFICATION NUMBER
Classification number 620.1
Item number SHA/EN
100 ## - MAIN ENTRY--AUTHOR NAME
Personal name Shames, Irving H .
245 ## - TITLE STATEMENT
Title Engineering mechanics, statics and dynamics /
250 ## - EDITION STATEMENT
Edition statement 3 /
260 ## - PUBLICATION, DISTRIBUTION, ETC. (IMPRINT)
Place of publication New Delhi :
Name of publisher Prentice Hall of India Pvt Ltd. ,
Year of publication 1990.
300 ## - PHYSICAL DESCRIPTION
Number of Pages 896 ; .
942 ## - ADDED ENTRY ELEMENTS (KOHA)
Koha item type Books
Holdings
Withdrawn status Lost status Damaged status Home library Current library Date acquired Full call number Accession Number Koha item type
Withdrawn   Damaged KAUAET KAUAET 07/04/2012 620.1 16823 Books
Withdrawn   Damaged KAUAET KAUAET 07/04/2012 620.1 16822 Books
      KAUAET KAUAET 07/04/2012 620.1 21766 Books
free website counter